| 000 | 00694nam a2200241 a 4500 | ||
|---|---|---|---|
| 008 | |||
| 020 | _a0702151572 (pbk.) | ||
| 049 | _aMAIN | ||
| 090 |
_aQA76.5 _bBUS |
||
| 245 | 1 | 4 |
_aThe principles of business computing / _cby M. G. Eccles ... [et al.] |
| 250 | _a5th ed. | ||
| 260 |
_aKenwyn : _bJuta, _c2000. |
||
| 300 |
_aviii, 584 p. : _bill. ; _c25cm. |
||
| 504 | _aIncludes bibliographical references. | ||
| 500 | _aIncludes index. | ||
| 650 |
_aBusiness _xdata processing. |
||
| 700 | _aEccles, M. G. | ||
| 907 |
_a.b10084861 _b18-01-16 _c26-07-03 |
||
| 003 | |||
| 005 | 20230123133411.0 | ||
| 040 | _cNUST | ||
| 942 |
_cBOOKS _kQA76.5 _mBUS |
||
| 999 |
_c147933 _d147933 |
||